Quizzes
Events
Quiz Creation
Community
Videos
Private Events
Remove Ads
Sign In
Join for FREE
Feedback
Dark Mode
Quiz Categories
Sports
Geography
Music
Movies
Television
Just For Fun
Miscellaneous
History
Literature
Language
Science
Gaming
Entertainment
Religion
Holiday
For Kids
Quiz Lab
Recent
Popular Today
Quiz Kudos Today
Editor Picks
Curator Picks
Quizzes by...
Day
Popularity
Type
Ratings
Length
Year
Community
Subscriptions
Recent Discussions
Orange Saloon
Badges
Playlists
Quests
Create
Leaderboards
Showdown
Live 5
Trivia Bingo
Activity
Puzzle Library
Sporcle Events
Private Events
Virtual Trivia
Globe League
Become a Host
Pub Owners
SporcleCon
Opinionation
Our Games
Videos
Blog
Mobile Apps
Partnerships
Remove Ads and Go Orange
Feedback
Movies
Disney
Marvel Cinematic Universe
Movie Resume
Movie Titles
Oscar
Actor
Actress
Director
Pixar
Role
Movie Quotes
Movie Characters
Box Office
Nominee
Best Picture
Star Wars
James Bond
Horror Movies
Movies
Disney
Marvel Cinematic Universe
Movie Resume
Movie Titles
Oscar
Actor
Actress
Director
Pixar
Role
Movie Quotes
Movie Characters
Box Office
Nominee
Best Picture
Star Wars
James Bond
Horror Movies
Random Quiz
Search Sporcle
×
Curator Pick
Curator Pick
Movies
Movie Quotes
Select answers by clicking on text or image buttons
Select answers by clicking on text or image buttons
Clickable
Best Score? Go Orange.
Follow That Line: The Queen Stats
Can you pick the line that follows the given line from The Queen?
By
RioMadeira
8m
25 Questions
568 Plays
568 Plays
568 Plays
Comments
Comments
Give Quiz Kudos
Give Quiz Kudos
-
- Ratings
hide this ad
Forced Order
Answers have to be entered in order
Answers have to be entered in order
Replay
Link that replays current quiz
Next Quiz
Link to next quiz in quiz playlist
You Got
0%
They Got
Avg Score
43%
Avg Friend Score
Upgrade to see
Score Distribution
Jump to the score distribution portion of the page
Score
0/25
Timer
08:00
0
Plays Today
% Correct
Not so good tonight. A lot of slamming doors.
67.4%
Diana. Whatever it is, it'll be something to do with Diana.
64.4%
Why? What's she done now?
61.8%
Let's hope he didn't suffer too much.
61.4%
Tony, please.
59.9%
Yes. Let's.
57.6%
A bit over the top, don't you think?
56.9%
You're confusing humility with humiliation.
56.3%
No. These are for you.
54.4%
Don't know. No doubt some flunky will be dispatched, groveling on all fours.
49.5%
I can imagine.
48.1%
Don't be ridiculous. Remember the oath you took.
47.7%
Yes. I suppose that is some consolation.
45.6%
% Correct
That's not the point. What she's doing is extraordinary.
45.2%
Not us, dear.
43.7%
Is it?
42.6%
Not me. No one tells me anything.
41.2%
Lucky you.
33.6%
Now, now.
29%
Would you prefer I didn't do my job?
24.8%
Well, I'll try not to take that personally.
23.8%
Yes, but further discussion is no longer helpful, either.
19.5%
You know, when you get it wrong, you really get it wrong.
18.5%
Why? Don't you think she deserves it?
17.6%
It's not a mother thing, is it?
12.9%
Quiz Playlist
Details
Report
Send in Message
Add To Playlist
Clickable:
Select answers by clicking on text or image buttons
Forced Order:
Answers have to be entered in order
Last Updated: Feb 16, 2017
Curator Pick in
Follow That Line
Quiz Scoreboard
CHALLENGE
Sign Up to Join the Scoreboard
Show All
Scores
Hide
Comments
May contain spoilers
Recently Published
Street Fighter Characters
by Artimus82
Gaming
60s
9x9 Crossword: Cartoon Network
by jackfrog10
Miscellaneous
3m
College Basketball Coaching Resumes
by pancakes188
Sports
9m
More to Explore
Quiz From the Vault
Featured Blog Post
Where Did the Easter Bunny Come From?
hide this ad
You Might Also Like...
Tags
Follow That Line Quiz
Movie Quotes Quiz
United Kingdom Quiz
britain
Diana
Great Britain
Queen Elizabeth
Royalty
The Queen
Tony Blair
Today's Top Quizzes in Movies
Browse Movies
hide this ad
Today's Top Quizzes in Movie Quotes
Browse Movie Quotes
Top Contributed Quizzes in Movies
1
Pick 5 Posters: Directed by Spielberg
2
7-to-1: Pixar Characters
3
Pick 5 Posters: Lowest-Rated Spielberg
4
Hidden Star Wars Character II
5
Sorting Actors
6
Sorting Actresses
7
Pick 5 Posters: Directed by Scorsese
8
Hidden Star Wars Character III
9
Pick 5 Posters: Star & Director
10
Hidden Star Wars Character IV
Explore More
Trending Topics
Marvel
Disney
NBA
Anime
Harry Potter
Crossword
Kpop
Country
Pokémon
Song
NFL
Puzzle
The Office
Soccer
WWE
hide this ad
More By:
RioMadeira
Quiz
Plays
Rating
Category
Featured
Created
Two-Word States and State Capitals
66,660
4.49
Geography
Jun 24, 2010
South Parkified Game of Thrones Characters
32,587
4.18
Television
Oct 13, 2014
Wardens of Westeros
21,522
4.16
Literature
Jan 13, 2014
ASOIAF: Birth Orders
10,807
4.21
Literature
May 29, 2016
Human Body Systems by Definition
9,174
4.36
Science
Sep 29, 2016
Go to Creator's Profile
Score Distribution
Quiz Creator Spotlight
RioMadeira
Follow
Send a Message
Quizzes Created
-
Created Quiz Play Count
-
More By This Creator
Popular Quizzes Today
1
Find the US States - No Outlines Minefield
2
Find the Countries of Europe - No Outlines Minefield
3
The Countries of the World
4
Find the US States
5
Risky Map Clicking: Biggest States A-Z
6
US States
7
Popular People in 1961
8
Movies - When Are They Set?
More Movies Quizzes
Missing Movie Occupations
Published
Trending Quizzes
Risky Map Clicking: Least Populous States A-Z
1-10 Letter G Words
Risky Map Clicking: Next State Alphabetically
Adjectives in 80s TV Shows
The Seven Year Switch: Catherine
Recently Updated
Leaping Animals
pecheneg
Reality TV Shows (A-Z)
bhenderson79
Rickey Henderson's Hall of Fame Teammates
pecheneg
Champions League XIs: Arsenal
pecheneg
Quick Pick: Celebrities in WWE's Hall of Fame
aduchscher
A-Z Keypad Blitz II
pecheneg
Multiple Oscar Actors
pecheneg
Mystery Phrase Blitz: Oscar 'Best Actors'
pecheneg
F. Scott Fitzgerald Novels
LTH
Pick 3 Villains
ddd62291
Trending Topics
Harry Potter
NBA
Marvel
Disney
Kpop
Crossword
Anime
Puzzle
Soccer
NFL
The Office
Country
Pokémon
WWE
Song
Your Account Isn't Verified!
In order to create a playlist on Sporcle, you need to verify the email address you used during registration. Go to your
Sporcle Settings
to finish the process.
Report this User
Report this user for behavior that violates our
Community Guidelines
.
Details:
Send Report
Go to the Sporcle.com Mobile Site →
Comments